000 00522nam a2200145 4500
999 _c16136
_d16136
008 210428b ||||| |||| 00| 0 eng d
022 _a1559-663X
082 _aDPer 420.705 En36 c2006-2008
100 _aBlazquez, Bettiana Andrea.
_943223
245 _aReflection as a necessary condition for action research/
_cBettiana Andrea Blazquez.
260 _aWashington, D.C. :
_bEnglish Teaching Forum,
_cc2006-2008.
300 _av45 n1, pages 26-34:
_billustrations;
_c27 cm.
650 _aResearch.
_943224
942 _2ddc
_cPER